[Event "Nations Cup Online Prelim"]
[Site "Chess.com INT"]
[Date "2020.05.09"]
[Round "9.3"]
[White "Amin, Bassem"]
[Black "Andreikin, Dmitry"]
[Result "0-1"]
[WhiteElo "2686"]
[BlackElo "2726"]
[PlyCount "74"]
[EventDate "2020.05.05"]
[EventType "team-tourn"]
[EventRounds "10"]
[EventCountry "USA"]
[SourceTitle "CBM 196"]
[Source "ChessBase"]
[SourceDate "2020.06.30"]
[SourceVersion "1"]
[SourceVersionDate "2020.06.30"]
[SourceQuality "1"]
[WhiteTeam "Rest of the World"]
[BlackTeam "Russia"]
[BlackTeamCountry "RUS"]

1. e4 e5 2. Nf3 Nc6 3. Bc4 Bc5 4. O-O Nf6 5. d3 d6 6. c3 h6 7. Re1 a6 8. Bb3
Ba7 9. Nbd2 g5 10. Nc4 g4 11. Nfd2 h5 12. Nf1 g3 13. Nxg3 Bg4 14. Qc2 Rg8 15.
Ne3 Qd7 16. Ngf5 Bxe3 17. Rxe3 Bxf5 18. exf5 O-O-O 19. Qe2 d5 20. Ba4 d4 21.
Rg3 h4 22. Rxg8 Rxg8 23. Qf3 b5 24. Bb3 e4 25. dxe4 Ne5 26. Qf4 Rg4 27. Qh6
Nf3+ 28. Kh1 Nxe4 29. Be3 dxe3 30. Qxe3 Qd2 31. Qxf3 Rf4 32. Qh5 Nxf2+ 33. Kg1
Qe3 34. Qh8+ Kb7 35. Bd5+ c6 36. Bxc6+ Kc7 37. h3 Nd1+ 0-1

[Event "RUS-ch 74th"]
[Site "Ufa"]
[Date "2021.10.12"]
[Round "4"]
[White "Andreikin, Dmitry"]
[Black "Alekseenko, Kirill"]
[Result "1-0"]
[WhiteElo "2728"]
[BlackElo "2710"]
[PlyCount "43"]
[EventDate "2021.10.09"]
[EventType "tourn"]
[EventRounds "11"]
[EventCountry "RUS"]
[EventCategory "18"]
[SourceTitle "EXT 2022"]
[Source "ChessBase"]
[SourceDate "2021.10.06"]
[SourceVersion "1"]
[SourceVersionDate "2021.10.06"]
[SourceQuality "1"]

1. d4 Nf6 2. c4 e6 3. Nf3 d5 4. g3 Bb4+ 5. Nbd2 O-O 6. Bg2 b6 7. O-O Bb7 8. Ne5
Bd6 9. cxd5 exd5 10. Ndc4 Re8 11. Bg5 Be7 12. Rc1 c6 13. Ne3 h6 14. Bxf6 Bxf6
15. f4 Nd7 16. Nf5 Nf8 17. e4 Ng6 18. Qh5 dxe4 19. Bxe4 Re6 20. Nxh6+ gxh6 21.
Bxg6 Qxd4+ 22. Rf2 1-0